<?xml version="1.0" encoding="UTF-8"?><?xml-stylesheet type="text/xsl" href="static/style.xsl"?><OAI-PMH xmlns="http://www.openarchives.org/OAI/2.0/" xmlns:xsi="http://www.w3.org/2001/XMLSchema-instance" xsi:schemaLocation="http://www.openarchives.org/OAI/2.0/ http://www.openarchives.org/OAI/2.0/OAI-PMH.xsd"><responseDate>2026-04-27T21:23:23Z</responseDate><request verb="GetRecord" identifier="oai:uvadoc.uva.es:10324/52152" metadataPrefix="marc">https://uvadoc.uva.es/oai/request</request><GetRecord><record><header><identifier>oai:uvadoc.uva.es:10324/52152</identifier><datestamp>2022-03-02T17:03:15Z</datestamp><setSpec>com_10324_38</setSpec><setSpec>col_10324_787</setSpec></header><metadata><record xmlns="http://www.loc.gov/MARC21/slim" xmlns:doc="http://www.lyncode.com/xoai" xmlns:xsi="http://www.w3.org/2001/XMLSchema-instance" xmlns:dcterms="http://purl.org/dc/terms/" xsi:schemaLocation="http://www.loc.gov/MARC21/slim http://www.loc.gov/standards/marcxml/schema/MARC21slim.xsd">
<leader>00925njm 22002777a 4500</leader>
<datafield tag="042" ind1=" " ind2=" ">
<subfield code="a">dc</subfield>
</datafield>
<datafield tag="720" ind1=" " ind2=" ">
<subfield code="a">Canicio Gómez, Pablo Maximiliano</subfield>
<subfield code="e">author</subfield>
</datafield>
<datafield tag="260" ind1=" " ind2=" ">
<subfield code="c">2021</subfield>
</datafield>
<datafield tag="520" ind1=" " ind2=" ">
<subfield code="a">En el sector de la construcción con estructura metálica es habitual la manipulación de perfiles en doble T con el fin de obtener perfiles con unas prestaciones superiores a los que se encuentran estandarizados.&#xd;
&#xd;
En este documento se trata de adaptar el taller de calderería tradicional donde se fabrican vigas alveolares para que, además, pueda fabricar vigas aligeradas partiendo de chapas que se cortan y arman convenientemente por medio de soldadura para conformar, así, el alma y las alas, pudiendo de esta forma optimizar el material en función de las solicitaciones y crear geometrías especiales como son las curvas, entre otras.</subfield>
</datafield>
<datafield tag="024" ind2=" " ind1="8">
<subfield code="a">https://uvadoc.uva.es/handle/10324/52152</subfield>
</datafield>
<datafield tag="245" ind1="0" ind2="0">
<subfield code="a">Propuesta de adaptación de un taller de estructura metálica para fabricar vigas aligeradas especiales</subfield>
</datafield>
</record></metadata></record></GetRecord></OAI-PMH>